000
00251nam a2200109Ia 4500
008
230907s9999||||xx |||||||||||||| ||und||
082
_a
332.6
_b
JON
245
0
_a
Investments :
260
_a
Wiley,
_b
New Delhi :
_c
2016
300
_a
638 p.
942
_c
BK
999
_c
601443
_d
601443